Biometric technologies and verification systems / (Record no. 20139)

MARC details
000 -LEADER
fixed length control field 00780cam a22002295a 4500
001 - CONTROL NUMBER
control field 14674607
005 - DATE AND TIME OF LATEST TRANSACTION
control field 20160131144254.0
008 - FIXED-LENGTH DATA ELEMENTS--GENERAL INFORMATION
fixed length control field 061218t2007 maua frbd 001 0 eng d
020 ## - INTERNATIONAL STANDARD BOOK NUMBER
International Standard Book Number 9780750679671
040 ## - CATALOGING SOURCE
Original cataloging agency DLC
Language of cataloging eng
Transcribing agency DLC
Modifying agency EG-ScBUE
-- EG-ScBUE
082 04 - DEWEY DECIMAL CLASSIFICATION NUMBER
Classification number 006.4
Item number VAC
Edition number 22
100 1# - MAIN ENTRY--PERSONAL NAME
Personal name Vacca, John R.
9 (RLIN) 39158
245 10 - TITLE STATEMENT
Title Biometric technologies and verification systems /
Statement of responsibility, etc John R. Vacca.
260 ## - PUBLICATION, DISTRIBUTION, ETC. (IMPRINT)
Place of publication, distribution, etc Burlington ;
-- Oxford :
Name of publisher, distributor, etc Butterworth-Heinemann / Elsevier,
Date of publication, distribution, etc c.2007.
300 ## - PHYSICAL DESCRIPTION
Extent xxvii, 625 p. :
Other physical details ill. ;
Dimensions 24 cm.
500 ## - GENERAL NOTE
General note Glossary : p. 587-606.
500 ## - GENERAL NOTE
General note Index : p. 607-625.
504 ## - BIBLIOGRAPHY, ETC. NOTE
Bibliography, etc Includes bibliographical references.
650 #7 - SUBJECT ADDED ENTRY--TOPICAL TERM
Topical term or geographic name as entry element Biometric identification.
Source of heading or term BUEsh
9 (RLIN) 4476
653 ## - INDEX TERM--UNCONTROLLED
Resource For college Informatics and Computer Science
Arrived date list July2015
-- January2016
942 ## - ADDED ENTRY ELEMENTS (KOHA)
Source of classification or shelving scheme Dewey Decimal Classification
Call number prefix 006.4 VAC
Holdings
Withdrawn status Lost status Source of classification or shelving scheme Damaged status Not for loan Koha collection Home library Current library Shelving location Date acquired Source of acquisition Cost, normal purchase price Serial Enumeration / chronology Total Checkouts Full call number Barcode Date last seen Cost, replacement price Koha item type
    Dewey Decimal Classification     Baccah Central Library Central Library Lower Floor 02/07/2015 Purchase 315.00 22696   006.4 VAC 000039423 15/07/2025 394.00 Book - Borrowing
    Dewey Decimal Classification     Baccah Central Library Central Library Lower Floor 05/07/2015 Purchase 315.00 22696   006.4 VAC 000039420 15/07/2025 394.00 Book - Borrowing